Công nghệ sinh học
Tài liệu trình bày về nguyên lý phương pháp PCR các ứng dụng cụ thể của nó trong công việc nghiên cứu sinh học phân tử hằng ngày ở các phòng thí nghiệm sinh học hiện đại.
Spremljeno u:
| Glavni autor: | |
|---|---|
| Format: | Knjiga |
| Jezik: | Undetermined |
| Izdano: |
Hà Nội
Khoa học tự nhiên và công nghệ
2008
|
| Teme: | |
| Oznake: |
Dodaj oznaku
Bez oznaka, Budi prvi tko označuje ovaj zapis!
|
| Thư viện lưu trữ: | Trung tâm Học liệu Trường Đại học Cần Thơ |
|---|
| LEADER | 00850nam a2200205Ia 4500 | ||
|---|---|---|---|
| 001 | CTU_170094 | ||
| 008 | 210402s9999 xx 000 0 und d | ||
| 020 | |c 95000 | ||
| 082 | |a 660.6 | ||
| 082 | |b Th300/T.2 | ||
| 100 | |a Quyền, Đình Thi | ||
| 245 | 0 | |a Công nghệ sinh học | |
| 245 | 0 | |c Quyền Đình Thi | |
| 260 | |a Hà Nội | ||
| 260 | |b Khoa học tự nhiên và công nghệ | ||
| 260 | |c 2008 | ||
| 520 | |a Tài liệu trình bày về nguyên lý phương pháp PCR các ứng dụng cụ thể của nó trong công việc nghiên cứu sinh học phân tử hằng ngày ở các phòng thí nghiệm sinh học hiện đại. | ||
| 650 | |a Biotechnology,Công nghệ sinh học | ||
| 904 | |i Lien,Qhieu | ||
| 980 | |a Trung tâm Học liệu Trường Đại học Cần Thơ | ||